| 000 | 00394nam a2200157Ia 4500 | ||
|---|---|---|---|
| 005 | 20250701023253.0 | ||
| 008 | 240331s9999 xx 000 0 und d | ||
| 020 | _a9558892920 | ||
| 082 |
_bEKA _a891 |
||
| 100 | _aEkanayake,R.S | ||
| 245 | 0 | _aSenkadagala maha biso | |
| 260 |
_aColombo _bSuriya Publishers _c2005 |
||
| 300 | _a350 p ., | ||
| 500 | _aA book on Queen of Senkadagala | ||
| 942 | _cL | ||
| 999 |
_c5195 _d5195 |
||